Statistiken für Olympisches Basketballturnier: Top 4 aller Austragungen

Klicken Sie hier um das Quiz zu spielen!

Allgemein

  • Dieses Quiz wurde 116 mal gespielt
  • Das Durchschnittsergebnis liegt bei 14 aus 19

Antwortstatistiken

GoldSilberBronzeVierterNation% Korrekt
16x (zul. 2020)1x (1972)2x (zul. 2004)-USA
100%
-3x (zul. 2012)1x (2016)1x (1980)Spanien
96%
2x (zul. 1988)4x (zul. 1964)4x (zul. 2012)1x (1992)Sowjetunion/Russland
93%
-1x (1936)-2x (zul. 1984)Kanada
92%
-3x (zul. 2020)-1x (1956)Frankreich
90%
--3x (zul. 1964)-Brasilien
84%
1x (2004)-1x (2008)2x (zul. 2012)Argentinien
83%
-2x (zul. 2004)-2x (zul. 1972)Italien
82%
-1x (2016)--Serbien
82%
--1x (2020)4x (zul. 2016)Australien
76%
-1x (1992)--Kroatien
74%
---1x (1936)Polen
73%
1x (1980)4x (zul. 1996)1x (1984)-Jugoslawien
71%
--1x (1936)1x (1948)Mexiko
68%
---1x (2020)Slowenien
62%
--3x (zul. 2000)2x (zul. 2008)Litauen
59%
--1x (1972)-Kuba
34%
--2x (zul. 1956)-Uruguay
33%
---1x (1964)Puerto Rico
14%

Verteilung der Resultate

Perzentil nach korrekt beantworteten Fragen

Anzahl Personen mit jedem Resultat

Ihre Resultats-Entwicklung

Sie haben dieses Quiz noch nicht gespielt